[Event "11. Abierto de la Constitucion"]
[Site "S.S. de los Reyes ESP"]
[Date "2009.12.05"]
[Round "6.16"]
[White "Juberias Guillen, Paloma"]
[Black "Nieto Esteban, Manuel"]
[Result "1-0"]
[WhiteElo "1611"]
[BlackElo "1801"]
[PlyCount "55"]
[EventDate "2009.11.30"]
[EventType "swiss"]
[EventRounds "9"]
[EventCountry "ESP"]
[Source "lmi"]
[SourceDate "2009.11.30"]

1. d4 d5 2. c4 e6 3. Nc3 Nf6 4. Nf3 c6 5. e3 Bd6 6. Bd3 O-O 7. O-O Nbd7 8. e4
dxe4 9. Nxe4 Nxe4 10. Bxe4 e5 11. c5 Bc7 12. Qc2 g6 13. Bh6 f5 14. Qc4+ Kh8 15.
Bc2 e4 16. Ng5 Nf6 17. Nf7+ Rxf7 18. Qxf7 Nh5 19. Bd1 Be6 20. Qxe6 Qh4 21. h3
Nf4 22. Qf7 Qxh6 23. Qxc7 Qg5 24. Qe5+ Kg8 25. Bb3+ Kf8 26. Qh8+ Ke7 27. Qxh7+
Kd8 28. g3 1-0

[Event "11. Abierto de la Constitucion"]
[Site "S.S. de los Reyes ESP"]
[Date "2009.12.05"]
[Round "6.17"]
[White "Serrano Nuñez, Dario"]
[Black "Garcia Lopez, Fernando"]
[Result "1-0"]
[WhiteElo "1977"]
[BlackElo "1658"]
[PlyCount "115"]
[EventDate "2009.11.30"]
[EventType "swiss"]
[EventRounds "9"]
[EventCountry "ESP"]
[Source "lmi"]
[SourceDate "2009.11.30"]

1. e4 e5 2. Nf3 Nc6 3. Bb5 a6 4. Ba4 Nf6 5. O-O Be7 6. Re1 b5 7. Bb3 O-O 8. d4
d6 9. c3 Bg4 10. Be3 Na5 11. Bc2 Nc4 12. Bc1 Nd7 13. Nbd2 Nxd2 14. Bxd2 c5 15.
dxc5 Nxc5 16. h3 Bh5 17. Be3 Nd7 18. Qe2 Nb6 19. g4 Bg6 20. Bxb6 Qxb6 21. Rad1
Rad8 22. Rd2 Rd7 23. Nxe5 Rdd8 24. Nf3 Rc8 25. Bb3 Kh8 26. Red1 f6 27. Nd4 Rfe8
28. Kg2 b4 29. cxb4 d5 30. Bxd5 Bxb4 31. Rc2 Rcd8 32. Nf5 Qa5 33. Qc4 Qb6 34.
Rdc1 Qb8 35. Qc7 Bxf5 36. gxf5 Bd6 37. Qxb8 Rxb8 38. Rc6 Bf4 39. R1c2 Be5 40.
b3 a5 41. Ra6 Rb5 42. Bc6 Rbb8 43. Bxe8 Rxe8 44. Rxa5 h5 45. Kf3 Kh7 46. b4 g5
47. fxg6+ Kxg6 48. a4 Rd8 49. Rd5 Rb8 50. b5 Ra8 51. Rc4 Kf7 52. b6 Ra6 53. b7
Rb6 54. Rb5 Rxb5 55. axb5 Kg6 56. Rc8 h4 57. b8=Q Bxb8 58. Rxb8 1-0

[Event "11. Abierto de la Constitucion"]
[Site "S.S. de los Reyes ESP"]
[Date "2009.12.05"]
[Round "6.18"]
[White "Lopez Galindo, Pablo"]
[Black "Orellana Illescas, Julio"]
[Result "1/2-1/2"]
[WhiteElo "1623"]
[BlackElo "1816"]
[PlyCount "88"]
[EventDate "2009.11.30"]
[EventType "swiss"]
[EventRounds "9"]
[EventCountry "ESP"]
[Source "lmi"]
[SourceDate "2009.11.30"]

1. e4 d6 2. d4 g6 3. Nc3 Bg7 4. Be3 Nf6 5. f3 c6 6. Bd3 O-O 7. Nge2 e5 8. dxe5
dxe5 9. O-O Be6 10. Nc1 Qc7 11. Nb3 Nbd7 12. Qe2 Nh5 13. Bc4 Rfe8 14. Bxe6 Rxe6
15. Kh1 Ree8 16. Rad1 Red8 17. Rd3 b6 18. Rfd1 Nf8 19. Qd2 Rxd3 20. Qxd3 Ne6
21. Qd7 Rd8 22. Qxc7 Rxd1+ 23. Nxd1 Nxc7 24. Nf2 Bf8 25. Nd3 Bd6 26. Nd2 f6 27.
g4 Ng7 28. Kg2 Nge6 29. c3 Kf7 30. h4 Na6 31. b4 g5 32. h5 Nac7 33. a4 Ke7 34.
Nf1 Ne8 35. Nd2 Bc7 36. Kf1 Nd6 37. Ke2 a6 38. Kd1 a5 39. bxa5 bxa5 40. Kc2 Kd7
41. Kb3 Kc8 42. Nc4 Nb7 43. Nd2 Nd6 44. Nc4 Nb7 1/2-1/2

[Event "11. Abierto de la Constitucion"]
[Site "S.S. de los Reyes ESP"]
[Date "2009.12.05"]
[Round "6.19"]
[White "De La Orden Alcocer, Alejandro"]
[Black "Jimenez Vera, Ruben"]
[Result "1-0"]
[WhiteElo "1780"]
[BlackElo "1554"]
[PlyCount "123"]
[EventDate "2009.11.30"]
[EventType "swiss"]
[EventRounds "9"]
[EventCountry "ESP"]
[Source "lmi"]
[SourceDate "2009.11.30"]

1. c4 Nf6 2. Nc3 e6 3. b3 c5 4. Nf3 Nc6 5. e3 Be7 6. Bb2 O-O 7. Be2 Qc7 8. O-O
e5 9. d3 d6 10. Nd2 Bf5 11. g4 Be6 12. Bf3 Qc8 13. h3 h6 14. Nd5 Bd8 15. a3 Nh7
16. Bg2 f5 17. f3 f4 18. exf4 exf4 19. Ne4 Qd7 20. Qd2 Bxd5 21. cxd5 Nd4 22.
Bxd4 cxd4 23. Qb4 Nf6 24. Qxd6 Qxd6 25. Nxd6 Ba5 26. b4 Bb6 27. Rac1 Nxd5 28.
Nxb7 Nc3 29. Rfe1 Rfe8 30. Kf2 Re3 31. Bf1 Rb8 32. Nd6 Bd8 33. Rxc3 Bh4+ 34.
Kg2 dxc3 35. Rc1 Be1 36. Rc2 Rd8 37. Ne4 a5 38. b5 a4 39. Nc5 Rb8 40. d4 Bd2
41. Bc4+ Kh8 42. Nxa4 Re1 43. Nc5 Rc1 44. Ra2 Re8 45. Ne4 Be3 46. d5 Rg1+ 47.
Kh2 Rc8 48. Nd6 Ra8 49. a4 Rd1 50. Ne4 Rd2+ 51. Nxd2 cxd2 52. Be2 Rc8 53. b6
Rc1 54. Rb2 Bg1+ 55. Kg2 Be3 56. b7 Ba7 57. Rxd2 Kh7 58. d6 Rg1+ 59. Kh2 Bf2
60. Bd3+ g6 61. Rxf2 Rd1 62. b8=Q 1-0

[Event "11. Abierto de la Constitucion"]
[Site "S.S. de los Reyes ESP"]
[Date "2009.12.05"]
[Round "6.23"]
[White "Rollano Carcajona, Ruben"]
[Black "Kalynovsky, Martin"]
[Result "1-0"]
[WhiteElo "1718"]
[BlackElo "1601"]
[PlyCount "95"]
[EventDate "2009.11.30"]
[EventType "swiss"]
[EventRounds "9"]
[EventCountry "ESP"]
[Source "lmi"]
[SourceDate "2009.11.30"]

1. d4 Nf6 2. c4 c5 3. d5 b5 4. cxb5 a6 5. e3 axb5 6. Bxb5 Qa5+ 7. Nc3 Ba6 8.
Bxa6 Nxa6 9. Nge2 d6 10. O-O Nc7 11. Nf4 g6 12. Bd2 Bg7 13. Ne4 Qb6 14. Bc3 O-O
15. Nxf6+ Bxf6 16. Bxf6 exf6 17. Qd2 Rfb8 18. Rfb1 Nb5 19. h3 Ra6 20. Ne2 Qa7
21. b3 Na3 22. Rc1 Rab6 23. Nc3 c4 24. bxc4 Nxc4 25. Qd4 Ne5 26. Nb5 Qa6 27. a4
R8b7 28. Rab1 Nd7 29. Ra1 Nc5 30. Qxf6 Rb8 31. Rc4 Nb3 32. Rc7 Rf8 33. Ra7 Qc8
34. Rf1 Nd2 35. Nc7 Rb7 36. Rxb7 Qxb7 37. Rc1 Ne4 38. Qd4 Nc5 39. Rxc5 dxc5 40.
Qxc5 Qb1+ 41. Kh2 Rc8 42. d6 Qd1 43. a5 Qa4 44. a6 Qd7 45. a7 Qd8 46. a8=Q Rxa8
47. Nxa8 Qxa8 48. Qc7 1-0

[Event "11. Abierto de la Constitucion"]
[Site "S.S. de los Reyes ESP"]
[Date "2009.12.06"]
[Round "7.1"]
[White "Candela Perez, Jose"]
[Black "Roa Alonso, Santiago"]
[Result "0-1"]
[WhiteElo "2416"]
[BlackElo "2412"]
[PlyCount "72"]
[EventDate "2009.11.30"]
[EventType "swiss"]
[EventRounds "9"]
[EventCountry "ESP"]
[Source "lmi"]
[SourceDate "2009.11.30"]

1. d4 d5 2. c4 e6 3. Nc3 Nf6 4. Nf3 Be7 5. Bf4 O-O 6. e3 Nbd7 7. c5 c6 8. h3 b6
9. b4 a5 10. a3 Bb7 11. Bd3 Qc8 12. O-O Ba6 13. Re1 Bxd3 14. Qxd3 Qb7 15. Bg5
axb4 16. axb4 Rxa1 17. Rxa1 Ra8 18. Rxa8+ Qxa8 19. Ne5 Qa1+ 20. Kh2 Nxe5 21.
dxe5 Ng4+ 22. hxg4 Bxg5 23. b5 Qb2 24. Kg3 bxc5 25. bxc6 c4 26. Qd4 Bd8 27. e4
Bb6 28. c7 Bxc7 29. exd5 exd5 30. Kh2 g6 31. f4 Bb6 32. Qxd5 Qxc3 33. Qa8+ Kg7
34. Qc6 Qd4 35. Qf6+ Kg8 36. f5 Bd8 0-1

[Event "11. Abierto de la Constitucion"]
[Site "S.S. de los Reyes ESP"]
[Date "2009.12.06"]
[Round "7.2"]
[White "Barria Zuñiga, Daniel"]
[Black "Almagro Llamas, Pablo"]
[Result "1/2-1/2"]
[WhiteElo "2429"]
[BlackElo "2453"]
[PlyCount "23"]
[EventDate "2009.11.30"]
[EventType "swiss"]
[EventRounds "9"]
[EventCountry "ESP"]
[Source "lmi"]
[SourceDate "2009.11.30"]

1. e4 c6 2. d4 d5 3. Nc3 dxe4 4. Nxe4 Bf5 5. Ng3 Bg6 6. h4 h6 7. Nf3 Nf6 8. h5
Bh7 9. Bd3 Bxd3 10. Qxd3 e6 11. Bd2 Nbd7 12. O-O-O 1/2-1/2

[Event "11. Abierto de la Constitucion"]
[Site "S.S. de los Reyes ESP"]
[Date "2009.12.06"]
[Round "7.3"]
[White "Elissalt Cardenas, Hector"]
[Black "Hernando Pertierra, Jose C"]
[Result "1/2-1/2"]
[WhiteElo "2358"]
[BlackElo "2374"]
[PlyCount "20"]
[EventDate "2009.11.30"]
[EventType "swiss"]
[EventRounds "9"]
[EventCountry "ESP"]
[Source "lmi"]
[SourceDate "2009.11.30"]

1. c4 e6 2. Nc3 d5 3. cxd5 exd5 4. d4 Nf6 5. Bg5 c6 6. e3 h6 7. Bh4 Bf5 8. Bd3
Bxd3 9. Qxd3 Nbd7 10. Nge2 Bd6 1/2-1/2

[Event "11. Abierto de la Constitucion"]
[Site "S.S. de los Reyes ESP"]
[Date "2009.12.06"]
[Round "7.4"]
[White "Gemy Vargas, Jose Daniel"]
[Black "Taboas Rodriguez, Daniel"]
[Result "0-1"]
[WhiteElo "2187"]
[BlackElo "2359"]
[PlyCount "58"]
[EventDate "2009.11.30"]
[EventType "swiss"]
[EventRounds "9"]
[EventCountry "ESP"]
[Source "lmi"]
[SourceDate "2009.11.30"]

1. d4 Nf6 2. Nf3 d5 3. c4 e6 4. Nc3 Be7 5. Qc2 O-O 6. Bg5 h6 7. h4 c5 8. e3
cxd4 9. exd4 Nc6 10. Bxf6 Bxf6 11. O-O-O Qc7 12. Kb1 dxc4 13. Qe4 b5 14. Nxb5
Qb6 15. Bxc4 Bb7 16. Ng5 Bxg5 17. Bd3 g6 18. hxg5 Nb4 19. Qe5 h5 20. Be2 Rab8
21. f3 Ba6 22. a4 Bxb5 23. Bxb5 a6 24. Rxh5 gxh5 25. Qh2 axb5 26. Qxh5 Qc6 27.
Rc1 Qd5 28. Rh1 Qa2+ 29. Kc1 Rfc8+ 0-1

[Event "11. Abierto de la Constitucion"]
[Site "S.S. de los Reyes ESP"]
[Date "2009.12.06"]
[Round "7.5"]
[White "Suarez Uriel, Adrian"]
[Black "Semprun Martinez, Fernando"]
[Result "1-0"]
[WhiteElo "2119"]
[BlackElo "2170"]
[PlyCount "69"]
[EventDate "2009.11.30"]
[EventType "swiss"]
[EventRounds "9"]
[EventCountry "ESP"]
[Source "lmi"]
[SourceDate "2009.11.30"]

1. e4 c5 2. Nf3 Nc6 3. Bb5 g6 4. O-O Bg7 5. Bxc6 dxc6 6. h3 Nf6 7. Re1 O-O 8.
Nc3 c4 9. Qe2 b5 10. a4 Qb6 11. axb5 cxb5 12. e5 Ne8 13. d3 Be6 14. Qe4 Nc7 15.
Be3 Qb8 16. Qh4 f6 17. exf6 exf6 18. Bc5 Rf7 19. Nd4 Bd7 20. Bd6 b4 21. Nd5 Qb7
22. Nxc7 Rc8 23. Nde6 Bc6 24. Nxg7 Kxg7 25. Ne6+ Kg8 26. Nc5 Qa8 27. Ne4 g5 28.
Qg4 cxd3 29. cxd3 Bd7 30. Qf3 Kg7 31. Bxb4 Bc6 32. Bc3 Kg6 33. Qe3 Re8 34. Bxf6
h6 35. Bc3 1-0

[Event "11. Abierto de la Constitucion"]
[Site "S.S. de los Reyes ESP"]
[Date "2009.12.06"]
[Round "7.6"]
[White "Ortega Ruiz, Jose Miguel"]
[Black "Castejon Caballero, Natalia"]
[Result "1-0"]
[WhiteElo "2326"]
[BlackElo "2102"]
[PlyCount "41"]
[EventDate "2009.11.30"]
[EventType "swiss"]
[EventRounds "9"]
[EventCountry "ESP"]
[Source "lmi"]
[SourceDate "2009.11.30"]

1. d4 d5 2. c4 c6 3. Nc3 Nf6 4. e3 Bf5 5. cxd5 cxd5 6. Qb3 Qd7 7. Nf3 e6 8. Ne5
Qc7 9. Bd2 Nc6 10. Rc1 Rc8 11. Bb5 Nd7 12. Nxc6 bxc6 13. Nxd5 exd5 14. Rxc6 Qd8
15. Qxd5 Be6 16. Qe5 Rxc6 17. Bxc6 Qe7 18. d5 Bxd5 19. Qxd5 Qd6 20. Bxd7+ Qxd7
21. Qa8+ 1-0

[Event "11. Abierto de la Constitucion"]
[Site "S.S. de los Reyes ESP"]
[Date "2009.12.06"]
[Round "7.7"]
[White "Quevedo Marin, Manuel"]
[Black "Lopez De Turiso Sanchez, Jose A"]
[Result "1-0"]
[WhiteElo "2171"]
[BlackElo "2094"]
[PlyCount "75"]
[EventDate "2009.11.30"]
[EventType "swiss"]
[EventRounds "9"]
[EventCountry "ESP"]
[Source "lmi"]
[SourceDate "2009.11.30"]

1. d4 d5 2. c4 c6 3. Nc3 dxc4 4. Nf3 b5 5. g3 e6 6. Bg2 Bb7 7. Ne5 a6 8. O-O
Nf6 9. a4 Nd5 10. e4 Nxc3 11. bxc3 Nd7 12. Nxd7 Qxd7 13. Qg4 h5 14. Qe2 Be7 15.
Rd1 O-O-O 16. Be3 h4 17. d5 hxg3 18. hxg3 exd5 19. exd5 cxd5 20. axb5 axb5 21.
Ra7 Qc6 22. Bf4 Bc5 23. Ra2 Qe6 24. Qb2 Bc6 25. Ra5 Qd7 26. Qa2 Qb7 27. Qe2 d4
28. Qg4+ Rd7 29. Qxg7 Bxg2 30. Qxh8+ Rd8 31. Qe5 Qc6 32. Rxb5 Rd5 33. Qh8+ Kd7
34. Rb8 Ke7 35. Qf8+ Ke6 36. Re8+ Kf5 37. Qxf7+ Kg4 38. Rg8+ 1-0

[Event "11. Abierto de la Constitucion"]
[Site "S.S. de los Reyes ESP"]
[Date "2009.12.06"]
[Round "7.8"]
[White "Barez Menendez, Hector"]
[Black "Cerrato Torrijos, Maria"]
[Result "1/2-1/2"]
[WhiteElo "2144"]
[BlackElo "1973"]
[PlyCount "78"]
[EventDate "2009.11.30"]
[EventType "swiss"]
[EventRounds "9"]
[EventCountry "ESP"]
[Source "lmi"]
[SourceDate "2009.11.30"]

1. Nf3 d5 2. d4 Nf6 3. e3 c6 4. Bd3 Bg4 5. O-O e6 6. Nbd2 Bd6 7. c4 O-O 8. Qb3
Qc7 9. c5 Be7 10. h3 Bh5 11. Ne5 Nbd7 12. f4 b6 13. cxb6 axb6 14. e4 Nxe4 15.
Nxe4 dxe4 16. Bxe4 Nxe5 17. dxe5 Bc5+ 18. Be3 Bxe3+ 19. Qxe3 Bg6 20. Bf3 Rad8
21. Qc3 c5 22. b4 Rd3 23. Qc1 Qa7 24. bxc5 bxc5 25. a4 Rfd8 26. a5 c4+ 27. Kh1
c3 28. a6 c2 29. Qb2 R3d7 30. Qa3 h6 31. Rfe1 Rb8 32. Bb7 Rbd8 33. Bf3 Bf5 34.
Qe3 Qxe3 35. Rxe3 Bd3 36. Ree1 Ra7 37. Bb7 Bxa6 38. Bxa6 Rda8 39. Rec1 Rxa6
1/2-1/2

[Event "11. Abierto de la Constitucion"]
[Site "S.S. de los Reyes ESP"]
[Date "2009.12.06"]
[Round "7.9"]
[White "Mansilla Tolosa, Luis E"]
[Black "Pareja Alvarez, Diego"]
[Result "1/2-1/2"]
[WhiteElo "2099"]
[BlackElo "1918"]
[PlyCount "97"]
[EventDate "2009.11.30"]
[EventType "swiss"]
[EventRounds "9"]
[EventCountry "ESP"]
[Source "lmi"]
[SourceDate "2009.11.30"]

1. d4 Nf6 2. c4 g6 3. Nc3 Bg7 4. e4 d6 5. f4 O-O 6. Nf3 c5 7. d5 e6 8. dxe6
Bxe6 9. Bd3 a6 10. O-O Bg4 11. Rb1 Nc6 12. Be3 Re8 13. h3 Bxf3 14. Qxf3 Qa5 15.
a3 Rab8 16. Kh1 Nd7 17. Nd5 Ne7 18. g4 Nxd5 19. exd5 b5 20. Bf2 bxc4 21. Bxc4
Rxb2 22. Rxb2 Bxb2 23. Qd3 Qxa3 24. Qxa3 Bxa3 25. Bxa6 Nf6 26. Ra1 Bb4 27. Rd1
Re4 28. Kg2 Rxf4 29. Bd3 Bc3 30. Bg3 Rd4 31. Bxd6 c4 32. Bc2 Nxd5 33. Rxd4 Bxd4
34. Kf3 Ne3 35. Ba4 f6 36. Bf4 Nd5 37. Bb5 Nb6 38. Ke4 Bc5 39. Bc7 c3 40. Kd3
Nc8 41. Kxc3 Kf7 42. Kc4 Bd6 43. Bd7 Bxc7 44. Bxc8 h5 45. gxh5 gxh5 46. Bf5 Kg7
47. Kd4 Kh6 48. Ke4 Kg5 49. Bc8 1/2-1/2

[Event "11. Abierto de la Constitucion"]
[Site "S.S. de los Reyes ESP"]
[Date "2009.12.06"]
[Round "7.10"]
[White "Esquivias Gomez, Fco. Javier"]
[Black "Vidaurre Vargas, Luis Alberto"]
[Result "1/2-1/2"]
[WhiteElo "2004"]
[BlackElo "1879"]
[PlyCount "43"]
[EventDate "2009.11.30"]
[EventType "swiss"]
[EventRounds "9"]
[EventCountry "ESP"]
[Source "lmi"]
[SourceDate "2009.11.30"]

1. e4 c5 2. Nc3 Nc6 3. f4 d6 4. Nf3 Nf6 5. Bb5 Bd7 6. Bxc6 Bxc6 7. d3 e6 8. O-O
Be7 9. Qe1 Qc7 10. e5 Nd7 11. exd6 Bxd6 12. Ne4 Bxe4 13. Qxe4 O-O-O 14. Ng5 Nf6
15. Qf3 h6 16. Ne4 Be7 17. f5 Nxe4 18. dxe4 Bd6 19. h3 exf5 20. Qxf5+ Rd7 21.
Be3 Kb8 22. Qg4 1/2-1/2

[Event "11. Abierto de la Constitucion"]
[Site "S.S. de los Reyes ESP"]
[Date "2009.12.06"]
[Round "7.11"]
[White "Juberias Guillen, Paloma"]
[Black "Iagar, Razvan-Gabriel"]
[Result "1-0"]
[WhiteElo "1611"]
[BlackElo "1971"]
[PlyCount "103"]
[EventDate "2009.11.30"]
[EventType "swiss"]
[EventRounds "9"]
[EventCountry "ESP"]
[Source "lmi"]
[SourceDate "2009.11.30"]

1. d4 f5 2. c4 g6 3. Nc3 Nf6 4. Nf3 Bg7 5. Bg5 O-O 6. Qd2 Qe8 7. g3 d6 8. Bg2
Na6 9. Bh6 c6 10. Bxg7 Kxg7 11. O-O Nc7 12. Rfe1 d5 13. Ne5 e6 14. f3 Nd7 15.
Qf4 Qd8 16. Nxd7 Bxd7 17. b3 Ne8 18. Qd2 Nd6 19. e4 dxc4 20. e5 Ne8 21. bxc4
Nc7 22. a4 Qe7 23. Rab1 Rab8 24. Rb3 b5 25. axb5 cxb5 26. d5 Qc5+ 27. Kh1 bxc4
28. Rxb8 Rxb8 29. d6 Nb5 30. Qg5 Rf8 31. Nxb5 Qxb5 32. Bf1 Qc5 33. Qe3 Qxe3 34.
Rxe3 Rc8 35. Ra3 c3 36. Bd3 Kf8 37. Rxa7 Ke8 38. Bc2 Rb8 39. Ra3 Rc8 40. Kg2 g5
41. Kf2 h5 42. h4 gxh4 43. gxh4 Kd8 44. Ke3 Bb5 45. Kf4 Rc4+ 46. Kg5 Bc6 47.
Kf6 Bxf3 48. Kxe6 Be4 49. Ra2 Bxc2 50. Rxc2 f4 51. Kd5 Rc8 52. Rg2 1-0

[Event "11. Abierto de la Constitucion"]
[Site "S.S. de los Reyes ESP"]
[Date "2009.12.06"]
[Round "7.12"]
[White "Cavalle Pulla, Daniel"]
[Black "Berzal Llorente, Jorge"]
[Result "1/2-1/2"]
[WhiteElo "1812"]
[BlackElo "2122"]
[PlyCount "81"]
[EventDate "2009.11.30"]
[EventType "swiss"]
[EventRounds "9"]
[EventCountry "ESP"]
[Source "lmi"]
[SourceDate "2009.11.30"]

1. e4 c5 2. Nf3 d6 3. d4 cxd4 4. Nxd4 Nf6 5. Nc3 g6 6. Be3 Bg7 7. f3 O-O 8. Qd2
Nc6 9. Bc4 Bd7 10. O-O-O Rc8 11. Bb3 Ne5 12. Kb1 Nc4 13. Bxc4 Rxc4 14. g4 a6
15. Nb3 Be6 16. g5 Nd7 17. Nd5 Bxd5 18. Qxd5 Qc7 19. c3 b5 20. f4 Rc8 21. e5
Nb6 22. Bxb6 Qxb6 23. exd6 exd6 24. Rhf1 b4 25. Qxd6 Qxd6 26. Rxd6 bxc3 27.
bxc3 Rxc3 28. Rc1 Rxc1+ 29. Nxc1 Rb8+ 30. Nb3 a5 31. Ra6 Rb4 32. Rxa5 Rxf4 33.
Ra8+ Bf8 34. a4 Kg7 35. a5 Be7 36. a6 Ra4 37. a7 Bxg5 38. Nc5 Ra5 39. Nb3 Ra6
40. Nc5 Ra5 41. Nb3 1/2-1/2

[Event "11. Abierto de la Constitucion"]
[Site "S.S. de los Reyes ESP"]
[Date "2009.12.06"]
[Round "7.13"]
[White "Sanchez Delgado, Lidia"]
[Black "De La Orden Alcocer, Alejandro"]
[Result "0-1"]
[WhiteElo "2020"]
[BlackElo "1780"]
[PlyCount "88"]
[EventDate "2009.11.30"]
[EventType "swiss"]
[EventRounds "9"]
[EventCountry "ESP"]
[Source "lmi"]
[SourceDate "2009.11.30"]

1. e4 Nf6 2. e5 Nd5 3. c4 Nb6 4. d4 d6 5. exd6 exd6 6. h3 Bf5 7. Nf3 Nc6 8. a3
Be7 9. Be2 Bf6 10. O-O O-O 11. Nc3 Re8 12. Be3 Qd7 13. Qd2 Na5 14. Rae1 Naxc4
15. Qc1 Nxe3 16. fxe3 d5 17. Nd1 Nc8 18. Nf2 Nd6 19. Nd3 Bxd3 20. Bxd3 Ne4 21.
Bxe4 Rxe4 22. Nd2 Re6 23. Nb3 b6 24. Na1 Rae8 25. Nc2 Bh4 26. Re2 Rf6 27. Rxf6
Bxf6 28. Qd2 Bg5 29. Ne1 Qe7 30. Kf2 h5 31. Nf3 Bf6 32. Qc2 Qd6 33. Qa4 Re4 34.
Qxa7 h4 35. Qb8+ Kh7 36. Qc8 g6 37. Rc2 Qg3+ 38. Kf1 Rxe3 39. Rxc7 Rxf3+ 40.
gxf3 Qxf3+ 41. Ke1 Bxd4 42. Qd8 Qf2+ 43. Kd1 Be3 44. Qxd5 Qf1+ 0-1

[Event "11. Abierto de la Constitucion"]
[Site "S.S. de los Reyes ESP"]
[Date "2009.12.06"]
[Round "7.14"]
[White "Martinez Miura, Enrique"]
[Black "Serrano Nuñez, Dario"]
[Result "1/2-1/2"]
[WhiteElo "1747"]
[BlackElo "1977"]
[PlyCount "60"]
[EventDate "2009.11.30"]
[EventType "swiss"]
[EventRounds "9"]
[EventCountry "ESP"]
[Source "lmi"]
[SourceDate "2009.11.30"]

1. e4 e5 2. Nf3 Nc6 3. Bb5 a6 4. Ba4 Nf6 5. Nc3 d6 6. h3 Be7 7. O-O O-O 8. d4
exd4 9. Nxd4 Bd7 10. Nxc6 Bxc6 11. Bxc6 bxc6 12. Re1 Nd7 13. Bf4 Bf6 14. Qd2
Rb8 15. Rab1 Re8 16. b4 Qe7 17. f3 Ne5 18. Bxe5 Qxe5 19. Ne2 Bh4 20. Red1 Rb6
21. a4 Bf6 22. a5 Rb7 23. Nd4 Qxd4+ 24. Qxd4 Bxd4+ 25. Rxd4 c5 26. Rc4 Reb8 27.
c3 Kf8 28. Rd1 cxb4 29. cxb4 Ke7 30. Rdc1 Kd7 1/2-1/2

[Event "11. Abierto de la Constitucion"]
[Site "S.S. de los Reyes ESP"]
[Date "2009.12.06"]
[Round "7.15"]
[White "Camarero Izquierdo, Juan Carlos"]
[Black "Ananian, Arman"]
[Result "1-0"]
[WhiteElo "1930"]
[BlackElo "1777"]
[PlyCount "81"]
[EventDate "2009.11.30"]
[EventType "swiss"]
[EventRounds "9"]
[EventCountry "ESP"]
[Source "lmi"]
[SourceDate "2009.11.30"]

1. e4 c5 2. Nf3 e6 3. d4 cxd4 4. Nxd4 Nf6 5. Bd3 d6 6. Nc3 Be7 7. Be3 Nc6 8. g4
Nxd4 9. Bxd4 e5 10. Bb5+ Bd7 11. Be3 Bxb5 12. Nxb5 Qa5+ 13. Nc3 Nxe4 14. Bd2
Nxd2 15. Qxd2 Rc8 16. O-O-O O-O 17. Kb1 Kh8 18. Qd3 Qa6 19. Qf5 Bh4 20. Rd3 g6
21. Qf3 Qc6 22. Rd5 b5 23. Qd3 b4 24. Ne4 Be7 25. g5 Rfd8 26. h4 Qc4 27. Rd1
Qc6 28. Rd2 Qc4 29. Qf3 Qf1+ 30. Rd1 Qc4 31. R5d2 Kg8 32. h5 Qe6 33. Nf6+ Bxf6
34. gxf6 Rc4 35. b3 Rc3 36. Qb7 Qxf6 37. Qxb4 Rf3 38. Rxd6 Rxd6 39. Rxd6 Qf5
40. h6 Qc8 41. Qd2 1-0

[Event "11. Abierto de la Constitucion"]
[Site "S.S. de los Reyes ESP"]
[Date "2009.12.06"]
[Round "7.16"]
[White "Montero Garcia, Fco Javier"]
[Black "Garcia Martinez, Jorge"]
[Result "1-0"]
[WhiteElo "1909"]
[BlackElo "1738"]
[PlyCount "93"]
[EventDate "2009.11.30"]
[EventType "swiss"]
[EventRounds "9"]
[EventCountry "ESP"]
[Source "lmi"]
[SourceDate "2009.11.30"]

1. Nf3 Nf6 2. d4 d6 3. c4 Nbd7 4. Nc3 c5 5. e4 cxd4 6. Nxd4 g6 7. Be3 Bg7 8.
Be2 O-O 9. O-O Nc5 10. f3 a5 11. b3 Nfd7 12. Qd2 Ne5 13. Rab1 Bd7 14. a3 Nc6
15. Ndb5 Rc8 16. b4 Na6 17. Nd5 Be6 18. Nb6 Rb8 19. Rfc1 axb4 20. axb4 Nc7 21.
Na3 f5 22. Nd5 Ne5 23. Bb6 Rc8 24. Nxc7 Qd7 25. Nxe6 Qxe6 26. Qd5 Qxd5 27. exd5
Bh6 28. Rc2 Rfe8 29. Nb5 Nd7 30. Bf2 Nf6 31. Rbb2 Nh5 32. c5 Nf4 33. Bf1 Bg7
34. Ra2 Nxd5 35. Bc4 e6 36. Bxd5 dxc5 37. Bxb7 Rb8 38. Nd6 Red8 39. bxc5 Rxb7
40. Nxb7 Rd1+ 41. Be1 Bd4+ 42. Kf1 Be5 43. Ke2 Rd5 44. c6 Bc7 45. Ba5 Bxh2 46.
c7 Re5+ 47. Kf1 1-0

[Event "11. Abierto de la Constitucion"]
[Site "S.S. de los Reyes ESP"]
[Date "2009.12.06"]
[Round "7.18"]
[White "Garcia Fernandez, Antolin"]
[Black "Alvarez Gonzalez, Eduardo"]
[Result "0-1"]
[WhiteElo "1747"]
[BlackElo "1868"]
[PlyCount "124"]
[EventDate "2009.11.30"]
[EventType "swiss"]
[EventRounds "9"]
[EventCountry "ESP"]
[Source "lmi"]
[SourceDate "2009.11.30"]

1. e4 c6 2. d4 d5 3. Nc3 dxe4 4. Nxe4 Nd7 5. Bc4 Ngf6 6. Nxf6+ Nxf6 7. Nf3 Bf5
8. O-O e6 9. Bf4 Be7 10. c3 O-O 11. Qe2 Nd5 12. Be5 Bf6 13. h3 Rc8 14. Rad1 Qe7
15. Bxf6 Qxf6 16. Ne5 Rfd8 17. Qf3 Qe7 18. Rfe1 b6 19. Rd2 Qc7 20. g4 Bg6 21.
h4 Qe7 22. Nxc6 Rxc6 23. Bxd5 Rcd6 24. Bb3 Qxh4 25. Re5 Qf6 26. Qg3 h6 27. Rde2
R8d7 28. f4 Kh7 29. f5 exf5 30. gxf5 Bxf5 31. Rxf5 Qxf5 32. Bc2 Qxc2 33. Rxc2
Rg6 34. Kf2 Rxg3 35. Kxg3 Kg6 36. Re2 Kg5 37. Re4 f5 38. Re5 Kf6 39. Re2 g5 40.
Re8 Kf7 41. Re5 Kf6 42. Re8 Kg6 43. Re5 f4+ 44. Kf3 h5 45. d5 Kf6 46. Re6+ Kf5
47. c4 g4+ 48. Kf2 b5 49. b3 bxc4 50. bxc4 Rc7 51. Rh6 Rxc4 52. Rxh5+ Ke4 53.
d6 Rc2+ 54. Ke1 Rc8 55. Ra5 Rd8 56. Ra4+ Kf3 57. Ra3+ Kg2 58. Ra4 Kg3 59. Ra3+
f3 60. Rd3 Kf4 61. Rd4+ Ke3 62. Rxg4 Rxd6 0-1

[Event "11. Abierto de la Constitucion"]
[Site "S.S. de los Reyes ESP"]
[Date "2009.12.06"]
[Round "7.19"]
[White "Orellana Illescas, Julio"]
[Black "Rollano Carcajona, Ruben"]
[Result "1-0"]
[WhiteElo "1816"]
[BlackElo "1718"]
[PlyCount "43"]
[EventDate "2009.11.30"]
[EventType "swiss"]
[EventRounds "9"]
[EventCountry "ESP"]
[Source "lmi"]
[SourceDate "2009.11.30"]

1. e4 c6 2. d4 d5 3. e5 Bf5 4. g4 Bg6 5. e6 fxe6 6. Nh3 h6 7. Bd3 Bf7 8. Nf4
Nf6 9. Bg6 Bxg6 10. Nxg6 Rg8 11. Bf4 Qa5+ 12. Nd2 Nbd7 13. O-O Kf7 14. Nb3 Qb6
15. Qd3 Nxg4 16. Nc5 Nxc5 17. dxc5 Qxc5 18. h3 Nf6 19. Ne5+ Ke8 20. Qg6+ Kd8
21. Rad1 b5 22. Be3 1-0

[Event "11. Abierto de la Constitucion"]
[Site "S.S. de los Reyes ESP"]
[Date "2009.12.06"]
[Round "7.20"]
[White "Nieto Esteban, Manuel"]
[Black "Lopez Galindo, Pablo"]
[Result "1-0"]
[WhiteElo "1801"]
[BlackElo "1623"]
[PlyCount "47"]
[EventDate "2009.11.30"]
[EventType "swiss"]
[EventRounds "9"]
[EventCountry "ESP"]
[Source "lmi"]
[SourceDate "2009.11.30"]

1. e4 c5 2. Nf3 d6 3. d4 cxd4 4. Nxd4 Nf6 5. Nc3 a6 6. Be2 e6 7. Be3 Qc7 8. O-O
b5 9. a3 Bb7 10. f3 Be7 11. Qe1 O-O 12. Qg3 Re8 13. Bd3 Nbd7 14. Nb3 Ne5 15.
Qf2 Ned7 16. Rad1 Rac8 17. Rd2 d5 18. exd5 Nxd5 19. Nxd5 Bxd5 20. Bd4 Rf8 21.
Kh1 Nc5 22. Nxc5 Bxc5 23. Qh4 Bxd4 24. Qxh7# 1-0